<?xml version="1.0" encoding="UTF-8"?>
<collection xmlns="http://www.loc.gov/MARC21/slim">
  <record>
    <leader>00000nam  2200000   4500</leader>
    <controlfield tag="001">INLIS000000000020734</controlfield>
    <controlfield tag="005">20250804120722</controlfield>
    <datafield tag="035" ind1="#" ind2="#">
      <subfield code="a">0010-0825000012</subfield>
    </datafield>
    <controlfield tag="007">ta</controlfield>
    <controlfield tag="008">250804################g##########0#eng##</controlfield>
    <datafield tag="082" ind1="#" ind2="#">
      <subfield code="a">371</subfield>
    </datafield>
    <datafield tag="084" ind1="#" ind2="#">
      <subfield code="a">371 DAV s</subfield>
    </datafield>
    <datafield tag="100" ind1=" " ind2="#">
      <subfield code="a">Davies, Don</subfield>
    </datafield>
    <datafield tag="245" ind1="1" ind2="#">
      <subfield code="a">Schools Where Parent Make Difference /</subfield>
      <subfield code="c">Don Davies</subfield>
    </datafield>
    <datafield tag="260" ind1="#" ind2="#">
      <subfield code="a">Massachusetts :</subfield>
      <subfield code="b">Institute for Responsive Education,</subfield>
      <subfield code="c">1976</subfield>
    </datafield>
    <datafield tag="300" ind1="#" ind2="#">
      <subfield code="a">163 halaman :</subfield>
      <subfield code="b">ilus ;</subfield>
      <subfield code="c">23 cm</subfield>
    </datafield>
    <datafield tag="650" ind1="#" ind2="4">
      <subfield code="a">Institusi Pendidikan, Sekolah dan Aktifitasnya</subfield>
    </datafield>
    <datafield tag="500" ind1="#" ind2="#">
      <subfield code="a">Schools Where Parents Make a Difference, edited by Don Davies, is a collection of stories about schools in all parts of the country written by education writers and journalists. These schools are as far apart as Boston and Los Angeles, from urban schools in Minneapolis to schools on Indian reservation to a "dream school" in California. What they have in common are concerned, involved parents who support, help operate, and shape their schools to meet the special needs of their own communities and children.</subfield>
    </datafield>
    <datafield tag="990" ind1="#" ind2="#">
      <subfield code="a">17722</subfield>
    </datafield>
  </record>
</collection>
